书目信息 |
| 题名: |
固体酸与精细化工
|
|
| 作者: | 于世涛 , 刘福胜 编著 | |
| 分册: | ||
| 出版信息: | 北京 化学工业出版社 2006 |
|
| 页数: | 356页 | |
| 开本: | 24cm | |
| 丛书名: | 无机绿色高新精细化工技术与产品丛书 | |
| 单 册: | ||
| 中图分类: | O645.2 | |
| 科图分类: | ||
| 主题词: | 固体表面--酸碱理论--应用--精细化工 , 固体表面 , 酸碱理论 , 精细化工 | |
| 电子资源: | ||
| ISBN: | 7-5025-8511-7 | |
| 000 | 01155oam2 2200301 450 | |
| 001 | 012006938326 | |
| 005 | 20070517142002.15 | |
| 010 | @a7-5025-8511-7@dCNY48.00 | |
| 100 | @a20060805d2006 km y0chiy0120 ea | |
| 101 | 0 | @achi |
| 102 | @aCN@b110000 | |
| 105 | @ay z 000yy | |
| 106 | @ar | |
| 200 | 1 | @a固体酸与精细化工@Agu ti suan yu jing xi hua gong@f于世涛,刘福胜等编著@Fyu shi tao,liu fu sheng deng bian zhu |
| 210 | @a北京@c化学工业出版社@d2006 | |
| 215 | @a356页@d24cm | |
| 225 | 2 | @a无机绿色高新精细化工技术与产品丛书 |
| 330 | @a本书介绍了固体超强酸催化剂、沸石分子筛、介孔分子筛、杂多酸化合物、高分子酸性催化剂以及室温离子液体的制备、性质、性能测定、表征、物化反应等内容,其中以固体酸在精细化工中的应用为主,尤其对一些固体酸催化剂已经实现工业应用的具体实例做了详细介绍。 | |
| 461 | 0 | @12001 @a无机绿色高新精细化工技术与产品丛书 |
| 606 | 0 | @a固体表面@x酸碱理论@x应用@x精细化工 |
| 606 | 0 | @a固体表面 |
| 606 | 0 | @a酸碱理论 |
| 606 | 0 | @a精细化工 |
| 690 | @aO645.2@v4 | |
| 701 | 0 | @a于世涛@Ayu shi tao@f(1964~)@4编著 |
| 701 | 0 | @a刘福胜@Aliu fu sheng@f(1963~)@4编著 |
| 801 | 0 | @aCN@bRULIN@c20070517 |
| 905 | @dO645.2@e12@s8 | |
| 固体酸与精细化工/于世涛,刘福胜等编著.-北京:化学工业出版社,2006 |
| 356页;24cm.-(无机绿色高新精细化工技术与产品丛书) |
| ISBN 7-5025-8511-7:CNY48.00 |
| 本书介绍了固体超强酸催化剂、沸石分子筛、介孔分子筛、杂多酸化合物、高分子酸性催化剂以及室温离子液体的制备、性质、性能测定、表征、物化反应等内容,其中以固体酸在精细化工中的应用为主,尤其对一些固体酸催化剂已经实现工业应用的具体实例做了详细介绍。 |
| ● |
| 相关链接 |
|
|
|
|
正题名:固体酸与精细化工
索取号:O645.2/12
 
预约/预借
| 序号 | 登录号 | 条形码 | 馆藏地/架位号 | 状态 | 备注 |
| 1 | 0574495 | 205744952 | 第二样本阅览室/ [索取号:O645.2/12] | 在馆 | |
| 2 | 0574496 | 205744961 | 第三借阅区/ [索取号:O645.2/12] | 在馆 | |
| 3 | 0574497 | 205744970 | 第三借阅区/ [索取号:O645.2/12] | 在馆 | |
| 4 | 0574498 | 205744989 | 第三借阅区/ [索取号:O645.2/12] | 在馆 | |
| 5 | 0574499 | 205744998 | 第三借阅区/ [索取号:O645.2/12] | 在馆 | |
| 6 | 0574500 | 205745005 | 第三借阅区/ [索取号:O645.2/12] | 在馆 | |
| 7 | 0574501 | 205745014 | 第三借阅区/ [索取号:O645.2/12] | 在馆 | |
| 8 | 0574502 | 205745023 | 第三借阅区/ [索取号:O645.2/12] | 在馆 |